| 000 | 00000nam##2200000za#4500 |
| 001 | 9.640123 |
| 003 | CaOODSP |
| 005 | 20210624222522 |
| 007 | cr ||||||||||| |
| 008 | 150407|1999||||xxc|||||o f|0| 0 fre|d |
| 040 | |aCaOODSP|bfre |
| 043 | |an-cn--- |
| 086 | 1 |aH42-2/83-1999F-PDF |
| 110 | 1 |aCanada. |bSanté Canada. |
| 245 | 10|aPlan de recherche concernant l'usage de la marijuana à des fins médicinales : |h[ressource électronique]|bétat de la question / |c[publié par le] Programme des produits thérapeutiques. |
| 260 | |aOttawa - Ontario : |bSanté Canada |c9 juin 1999. |
| 300 | |a15p.|bréférences |
| 520 | 3 |aLe plan comporte les éléments suivants: un programme de recherche qui englobe plusieurs projets pour répondre aux questions relatives à l'innocuité et l'efficacité de la marijuana fumée et des cannabinoïdes, plusieurs mécanismes pour obtenir l'accès à de la marijuana en dehors du cadre des projets de recherche, et des activités permettant de développer une source de marijuana de qualité contrôlée pour la recherche.--page 1 |
| 590 | |a12-14-Supp|b2012-04-10 |
| 691 | 07|aDrogue|2gcpds |
| 691 | 07|aRecherche médicale|2gcpds |
| 691 | 07|aMédecine|2gcpds |
| 775 | 08|tResearch plan for marijuana for medicinal purposes : |w(CaOODSP)9.696005 |
| 776 | 0#|tResearch plan for marijuana for medical purposes : |w(CaOODSP)9.662075 |
| 776 | 0#|tPlan de recherche concernant l'usage de la marijuana à des fins médicinales : |w(CaOODSP)9.662076 |
| 856 | 40|ahttp://publications.gc.ca|qPDF|s50 Ko|uhttps://publications.gc.ca/collections/Collection/H42-2-83-1999F.pdf |